000
00350nam a2200133Ia 4500
008
231129s9999||||xx |||||||||||||| ||spa||
020
_a
958-07-0099-0
040
_b
spa
082
_a
(i) 843 P227a
100
_a
Paré Roger
245
0
_a
El amor
264
_a
Medellín Colombia : Edilux
942
_2
ddc
_c
BKS
999
_c
10168
_d
10168